Ethnografía y anales de la conquista de las Islas Canarias / (Record no. 164810)

MARC details
000 -LEADER
campo de control de longitud fija 00840nam a22002175i 4500
001 - NÚMERO DE CONTROL
campo de control 164810
003 - IDENTIFICADOR DE NÚMERO DE CONTROL
campo de control ES-MaACL
005 - FECHA Y HORA DE LA ÚLTIMA TRANSACCIÓN
campo de control 20250807013019.0
008 - DATOS DE LONGITUD FIJA--INFORMACIÓN GENERAL
campo de control de longitud fija 151008s1849 sp |||| | spa d
100 1# - ENTRADA PRINCIPAL--NOMBRE DE PERSONA
Nombre de persona Berthelot, Sabin.
9 (RLIN) 28445
245 10 - MENCIÓN DEL TÍTULO
Título Ethnografía y anales de la conquista de las Islas Canarias /
Mención de responsabilidad, etc. escrita en francés por Sabin Berthelot ; y traducida al castellano por Juan Arturo Malibrán.
260 ## - PUBLICACIÓN, DISTRIBUCIÓN, ETC.
Lugar de publicación, distribución, etc. Santa Cruz de Tenerife :
Nombre del editor, distribuidor, etc. Imp., Litogr. y Librería Isleña,
Fecha de publicación, distribución, etc. 1849.
300 ## - DESCRIPCIÓN FÍSICA
Extensión 338, 55 p. ;
Dimensiones 22 cm.
530 ## - NOTA DISPONIBLE DE FORMULARIO FÍSICO ADICIONAL
Nota de formato físico adicional disponible Disponible en formato digital.
650 04 - PUNTO DE ACCESO ADICIONAL DE MATERIA--TÉRMINO DE MATERIA
Término de materia o nombre geográfico como elemento de entrada Guanches.
9 (RLIN) 13169
650 #4 - PUNTO DE ACCESO ADICIONAL DE MATERIA--TÉRMINO DE MATERIA
Término de materia o nombre geográfico como elemento de entrada
9 (RLIN) 241643
700 0# - ENTRADA AGREGADA--NOMBRE PERSONAL
Nombre de persona Malibrán, Juan Arturo.
9 (RLIN) 75776
852 ## - LOCALIZACIÓN
Ubicación ES-MaACL
Número de control de estantería G-11538(5)
856 ## - LOCALIZACIÓN Y ACCESO ELECTRÓNICOS
Identificador Uniforme de Recursos <a href="http://bdh-rd.bne.es/viewer.vm?id=0000056184&page=1 ">http://bdh-rd.bne.es/viewer.vm?id=0000056184&page=1 </a>
Nota pública Biblioteca Digital Hispánica
Holdings
Estatus retirado Estado de pérdida Estado de daño No para préstamo Colección Biblioteca de origen Biblioteca actual Ubicación en estantería Fecha de adquisición Fuente de adquisición Total de préstamos Signatura topográfica completa Código de barras Visto por última vez Precio de reemplazo Tipo de ítem Koha
        Colección digital Biblioteca del Ateneo de Madrid Biblioteca del Ateneo de Madrid Sala Pecera Planta 3 08/10/2015     G-11538(5) 1194232 23/02/2023 23/02/2023 Libro impreso antiguo